000 00640 a2200217 4500
999 _c13029
_d13029
003 OSt
005 20250129170850.0
008 250129b ||||| |||| 00| 0 eng d
020 _a9789384204228
040 _aBMSCA
041 _aeng
082 _223
_a720.288
_bDES
110 _aMKSSS's Dr. Bhanuben Nanavati College of Architecture For WomenBNCA Campus, Karve Nagar,Pune
245 _aDocumenting heritage awards 2022
260 _aNew Delhi
_bCouncil of Architecture (COA)
_c2023
300 _a99 pages
_bcolor
_c20 cm
700 _aDeshpande, Jayashree
700 _aKashyap, Anurag
700 _aLatkar, Vaishali
942 _2ddc